Arrendamiento de inmuebles urbanos (Record no. 45949)
[ view plain ]
| 000 -LEADER | |
|---|---|
| campo de control de longitud fija | 00628nam a2200193 i 4500 |
| 001 - NÚMERO DE CONTROL | |
| campo de control | 45949 |
| 003 - IDENTIFICADOR DE NÚMERO DE CONTROL | |
| campo de control | ES-MaACL |
| 005 - FECHA Y HORA DE LA ÚLTIMA TRANSACCIÓN | |
| campo de control | 20230906161314.0 |
| 007 - CAMPO FIJO DE DESCRIPCIÓN FÍSICA--INFORMACIÓN GENERAL | |
| campo de control de longitud fija | t| |
| 008 - DATOS DE LONGITUD FIJA--INFORMACIÓN GENERAL | |
| campo de control de longitud fija | 030327q1947 sp ||||1| spa d |
| 100 1# - ENTRADA PRINCIPAL--NOMBRE DE PERSONA | |
| Nombre de persona | Condomines Valls, Francisco de A. |
| 9 (RLIN) | 40147 |
| 245 10 - MENCIÓN DEL TÍTULO | |
| Título | Arrendamiento de inmuebles urbanos |
| Resto del título | : estudio de derecho español / |
| Mención de responsabilidad, etc. | Francisco de A. Condomines Valls. |
| 260 ## - PUBLICACIÓN, DISTRIBUCIÓN, ETC. | |
| Lugar de publicación, distribución, etc. | Madrid : |
| Nombre del editor, distribuidor, etc. | Revista de Derecho Privado, |
| Fecha de publicación, distribución, etc. | [1947?] ( |
| Fabricante | España) |
| 300 ## - DESCRIPCIÓN FÍSICA | |
| Extensión | XII, 263 p. ; |
| Dimensiones | 22 cm. |
| 490 1# - MENCIÓN DE SERIE | |
| Mención de serie | Serie G ; |
| Designación de volumen o secuencia | 19 |
| 830 0# - PUNTO DE ACCESO ADICIONAL DE SERIE-TÍTULO UNIFORME | |
| Título uniforme | Serie G ; |
| Designación de volumen o secuencia | 19 |
| 9 (RLIN) | 229962 |
| 852 ## - LOCALIZACIÓN | |
| Ubicación | ES-MaACL |
| Número de control de estantería | C-4492 |
| Sublocalización o colección | R.24011 |
| Estatus retirado | Estado de pérdida | Estado de daño | No para préstamo | Biblioteca de origen | Biblioteca actual | Ubicación en estantería | Fecha de adquisición | Fuente de adquisición | Total de préstamos | Signatura topográfica completa | Código de barras | Visto por última vez | Precio de reemplazo | Tipo de ítem Koha |
|---|---|---|---|---|---|---|---|---|---|---|---|---|---|---|
| Biblioteca del Ateneo de Madrid | Biblioteca del Ateneo de Madrid | Sala Palomar | 17/01/2008 | C-4492 | 1048342 | 23/02/2023 | 23/02/2023 | Libro impreso |
